| 000 | 00654nam a2200217 u 4500 | ||
|---|---|---|---|
| 005 | 20240228064117.0 | ||
| 008 | 130212s2008 mx r 000 0 spa d | ||
| 020 | _a9789706833549 | ||
| 035 | _aUPN01000189560 | ||
| 049 | _aI | ||
| 050 | 4 |
_aPZ74.7 _bH4.3 |
|
| 100 | 1 |
_aHernández Roura, Sergio _933592 |
|
| 245 | 1 | 1 |
_a¡Hay un cuerno en mi sala! / _cSergio Hernández Roura ; il. Arturo Aguilar. |
| 260 |
_aMéxico : _bArtes de México, _c2008. |
||
| 300 |
_a[20] p. : _bil. col. |
||
| 440 | 0 | _aLibros del Alba | |
| 650 | 4 |
_aLibros y lectura para niños _92290 |
|
| 650 | 4 |
_aCUENTOS HUMORISTICOS _911283 |
|
| 905 | _aInfantil | ||
| 999 |
_c161663 _d161663 |
||